Pokémon Sauvages (Kanto) - Statistiques

Statistiques générales
  • Ce quiz a été pris 186 fois
  • Le résultat moyen est 254 sur 302
Statistiques - réponses
Lieux % Correct
Rattata
99%
Route 1 | Route 3 | Route 7 | +2 others Roucool
98%
Chenipan
96%
| Azuria | Carmin-sur-Mer | +5 others Magicarpe
96%
Pikachu
96%
| Forêt de Jade | Route 24 & 25 Aspicot
94%
Coconfort
94%
Chrysacier
91%
Piafabec
91%
Poissirène
91%
Racaillou
91%
Mélofée
90%
Nidoran F
90%
Nidoran M
90%
Machoc
89%
Roucoups
89%
Chétiflor
87%
(unique) Sulfura
87%
(unique) Artikodin
86%
Caninos
86%
Mystherbe
86%
Centrale | Route 10 Voltorbe
86%
Abo
85%
Abra
85%
Tour Pokémon Fantominus
85%
Férosinge
85%
Gravalanch
85%
(unique) Ronflex
85%
(unique) Électhor
84%
Machopeur
84%
Magnéti
84%
Grotte | Mont Sélénite Nosférapti
84%
Onix
84%
Îles Écume Otaria
84%
Smogo
84%
Spectrum
84%
Stari
84%
Mimitoss
83%
Rapasdepic
83%
Rondoudou
83%
Sabelette
83%
Tadmorv
83%
Boustiflor
82%
Kangourex
82%
Kokiyas
82%
Magnéton
82%
(unique) Mewtwo
82%
Minidraco
82%
Nidorino
82%
Paras
82%
Ptitard
82%
Cave Taupiqueur Taupiqueur
82%
Doduo
81%
Électrode
81%
Goupix
81%
Kadabra
81%
Nidorina
81%
Noeunoeuf
81%
Ortide
81%
Aéromite
80%
Insécateur
80%
Lamantine
80%
Leveinard
80%
Miaouss
80%
Nosferalto
80%
Poissoroy
80%
Manoir Pokémon Ponyta
80%
Tentacool
80%
Hypotrempe
78%
Osselait
78%
Rattatac
78%
Tauros
78%
Élektek
77%
Psykokwak
77%
Smogogo
77%
Triopikeur
77%
Dodrio
76%
Soporifik
76%
Krabby
75%
Rhinocorne
75%
Arbok
74%
Parasect
74%
Têtarte
74%
Akwakwak
73%
Grotadmorv
73%
Magmar
73%
Ramoloss
73%
Scarabrute
73%
Hypocéan
72%
(unique) Ossatueur
72%
Raichu
72%
Saquedeneu
72%
Sablaireau
71%
Krabboss
69%
Métamorph
69%
Rhinoféros
68%
Flagadoss
67%
Hypnomade
65%
Grodoudou
48%
Aucun quiz correspondant
Distribution des résultats
% des personnes avec chaque résultat
Percentile par nombre de réponses
Votre historique - résultats
Vous n’avez pas pris ce quiz